Walking between the times : (Record no. 57426)

MARC details
000 -LEADER
fixed length control field 00491nam a22001577a 4500
008 - FIXED-LENGTH DATA ELEMENTS--GENERAL INFORMATION
fixed length control field 220121b ||||| |||| 00| 0 eng d
020 ## - INTERNATIONAL STANDARD BOOK NUMBER
International Standard Book Number 0800624793
050 ## - LIBRARY OF CONGRESS CALL NUMBER
Classification number BS2655.E8
Item number . S25 1991
100 ## - MAIN ENTRY--PERSONAL NAME
Personal name Sampley, J. Paul.
245 ## - TITLE STATEMENT
Title Walking between the times :
Remainder of title Paul's moral reasoning /
Statement of responsibility, etc J. Paul Sampley.
260 ## - PUBLICATION, DISTRIBUTION, ETC. (IMPRINT)
Place of publication, distribution, etc Minneapolis :
Name of publisher, distributor, etc Fortress Press,
Date of publication, distribution, etc 1991.
300 ## - PHYSICAL DESCRIPTION
Extent vi, 122 p.
Dimensions 22 cm.;
500 ## - GENERAL NOTE
General note Includes index.
650 ## - SUBJECT ADDED ENTRY--TOPICAL TERM
Topical term or geographic name as entry element Ethics in the Bible.
942 ## - ADDED ENTRY ELEMENTS (KOHA)
Source of classification or shelving scheme Library of Congress Classification
Item type Book
Holdings
Withdrawn status Lost status Source of classification or shelving scheme Damaged status Not for loan Collection code Home library Current library Shelving location Date acquired Source of acquisition Cost, normal purchase price Full call number Barcode Copy number Price effective from Koha item type
    Library of Congress Classification     Non-fiction Bishop Okullu Memorial Library (Limuru Campus) Bishop Okullu Memorial Library (Limuru Campus) General Circulation 21/01/2022 Donation-TBN 1828.00 BS2655 .E8 S25 1991 067735 1 21/01/2022 Book